000 01102 a2200217 4500
005 20260313155613.0
008 260313b |||||||| |||| 00| 0 eng d
020 _a9789364105798 (hbk)
037 _cTB
040 _aAL
_cAL
041 _2hin
_ahin
084 _aW6.2 152R6
_qAL
100 _aचतुर्वेदी, जगदीश्वर
_9862276
245 _aधर्म लोकतंत्र और भारत
260 _aनई दिल्ली, भारत:
_bअनामिका पब्लिशर्स एण्ड डिस्ट्रीब्यूटर्स (प्रा.) लिमिटेड,
_c2026.
300 _a177पृ.
650 _aलोकतंत्र
650 _aराजनीतिक विज्ञान
942 _cTB
_2CC
_hW6.2 152R6
999 _c1467065
_d1467065